00658nam a22001937a 450000500170000001000140001702000260003102000230005703500130008003700130009308200100010610000240011624500890014026000350022927000590026430000330032350000500035665000580040620100809151938.0 aENG-99120 a9788487966852c880.00 a8187966858c880.00 aEN-82652 bDBAD/PUB a577.7 aPaleri, Prabhakaran aMarine environment :bmanagement and people's participation /cby Prabhakaran Paleri aNew DelhibKW Publishersc2009 aFirst Floor, Ansari Road, DaryaganjbNew Delhie110002 axiii,336p.:bill.c23cm (Hb) aIncludes bibliographical references and index aMarine Resources Conservation - Citizen Participation